000 00841nam a22002177a 4500
999 _c11127
_d11127
003 AR-CdUCM
008 190403b ||||| |||| 00| 0 spa d
040 _aMUNICIPALIDAD PROVINCIAL DEL CUSCO
_cBIBLIOTECA MUNICIPAL DEL CUSCO
082 _a943.086 /
_bB98 / 1943
100 _aButler, Rohan D'Olier
_928309
245 _aRaíces ideológicas del nacional-socialismo /
260 _aMéxico, D.F :
_bFondo de Cultura Económica,
_c1943.
300 _a373 páginas ;
_c22 cm.
505 _aContenido: La determinante histórica -- El romanticismo 1783-1815 -- La reacción 1815-1848 -- La unificación 1848-1871 -- El imperio 1848-1871 ...
650 _aNacionalismo
_92901
650 _aSocialismo
_91037
650 _aIdeología política
_92945
700 _aSelke, Rudolf (traducción)
_928310
942 _2ddc
_cLIBROS
945 _aacv